000
00329nam a2200133Ia 4500
008
240624s9999 xx 000 0 und d
041
_a
eng
082
_a
158.7 SCH
100
_a
SCHULTZ DUANE
245
_a
PSYCHOLOGY AND WORK TODAY
260
_c
2017
_a
New Delhi
_b
Routledge
300
_a
xxv, 426 p.; 23 cm.
365
_c
RS
_b
35
999
_c
31511
_d
31511